00586nam 22001933 4500001000700000010001800007021001700025100004100042200004300083210003900126215003300165300004600198606002600244610001200270675002500282700003800307801001800345830002900363202823 a972-665-377-0 aPTb60299/92 a20231109d u||y0pory50 ba aOrdens menores fAgustina Bessa-Luís aLisboacGuimarães Editoresd1992 a355, [2] p.cbrochadod21 cm aContém dedicatória na folha de guarda aLiteratura Portuguesa aRomance a821.134.3-3vPTzpor aLuísbAgustina Bessaf1922-2019 aPTbBMMNgRPC cAna FalardofAna Falardo